Personagens MCU 3 - CODINOMES - Statistics

Estatísticas Gerais
  • Esse quiz foi jogado 81 vezes
  • A pontuação média é 8 de 15
Estatísticas das Respostas
NOME CODINOME % Correto
TONY STARK HOMEM DE FERRO
100%
SCOTT LANG HOMEM FORMIGA
100%
T'CHALLA PANTERA NEGRA
100%
NATASHA ROMANOFF VIÚVA NEGRA
100%
STEVE ROGERS CAPITÃO AMÉRICA
96%
PETER PARKER HOMEM ARANHA
95%
BRUCE BANNER HULK
94%
PETER QUILL SENHOR DAS ESTRELAS
94%
LOGAN WOLVERINE
93%
CAROL DENVERS CAPITÃ MARVEL
92%
SAM WILSON FALCÃO
89%
STEPHEN STRANGE DOUTOR ESTRANHO
86%
NORMAN OSBORN DUENDE VERDE
85%
BUCKY BARNES SOLDADO INVERNAL
80%
OTTO OCTAVIUS DOUTOR OCTOPUS
75%
CLINT BARTON GAVIÃO ARQUEIRO
75%
WADE WILSON DEADPOOL
72%
EDDIE BROCK VENOM
71%
YELENA BELOVA VIÚVA NEGRA (IRMÃ CAÇULA)
69%
JANE FOSTER PODEROSA THOR
68%
JOHNNY STORM TOCHA HUMANA
68%
MELINA VOSTOKOFF VIÚVA NEGRA (MÃE)
60%
HOPE VAN DYNE VESPA
56%
PEGGY CARTER CAPITA CARTER
54%
JAMES RHOADES MÁQUINA DE COMBATE
50%
HANK MCCOY FERA
46%
KAMALA KHAN MS MARVEL
45%
REED RICHARDS SENHOR FANTÁSTICO
35%
EMIL BLONSKY ABOMINÁVEL
29%
FLINT MARKO HOMEM AREIA
29%
ALEXEI SHOSTAKOV GUARDIÃO VERMELHO
25%
DARREN CROSS JAQUETA AMARELA
25%
CURT CONNORS LAGARTO
25%
RIRI WILLIAMS CORAÇÃO DE FERRO
24%
QUENTIN BECK MYSTÉRIO
22%
ADRIAN TOOMES ABUTRE
19%
MARIA RAMBEAU BINÁRIA
18%
JOHANN SCHMIDT CAVEIRA VERMELHA
18%
BROCK RUMLOW OSSOS CRUZADOS
17%
ANTONIA DREYKOV TREINADORA
13%
ERIK STEVENS KILLMONGER
11%
LAURA KINNEY X23
11%
CAIN MARKO FANÁTICO | JUGGERNAUT
10%
REMY LEBEAU GAMBIT
10%
IVAN VANKO CHICOTE NEGRO
6%
MAX DILLON ELECTRO
5%
AVA STARR FANTASMA
5%
Nenhum quiz correspondente encontrado
Distribuição das Pontuações
Porcentagem de Pessoas com Cada Pontuação
Percentil de Números Respondidos
Sua Pontuação Histórica
Você não jogou esse quiz